Minnesota Vikings Schedule 2022/2023 - Statistics

General Stats
  • This quiz has been taken 124 times
  • The average score is 10 of 18
Answer Stats
Week Vikings Opponent % Correct
1 Vikings vs Packers
96%
2 Vikings at Eagles
81%
3 Vikings vs Lions
76%
5 Vikings vs Bears
65%
4 Vikings vs Saints
60%
18 Vikings at Bears
58%
14 Vikings at Lions
54%
17 Vikings at Packers
54%
10 Vikings at Bills
53%
6 Vikings at Dolphins
51%
12 Vikings vs Patriots
51%
11 Vikings vs Cowboys
48%
13 Vikings vs Jets
45%
8 Vikings vs Cardinals
44%
16 Vikings vs Giants
42%
15 Vikings vs Colts
41%
9 Vikings at Commanders
41%
7 Vikings Bye
38%
No matching quizzes found
Score Distribution
Percent of People with Each Score
Percentile by Number Answered
Your Score History
You have not taken this quiz